Fußball Top 10 #16 (Beste ausländische Bundesliga Torjäger) - Statistiken

Allgemein
  • Dieses Quiz wurde 213 mal gespielt
  • Das Durchschnittsergebnis liegt bei 5 aus 10
Antwortstatistiken
Platz BL Tore Ausländische Spieler % Korrekt
1 312 Robert Lewandowski
99%
2 197 Claudio Pizarro
79%
9 98 Pierre-Emerick Aubameyang
62%
3 133 Giovane Élber
59%
8 99 Arjen Robben
56%
6 106 Aílton
36%
5 120 Andrej Kramaric
27%
4 127 Vedad Ibisevic
20%
10 98 Bum-kun Cha
16%
7 106 Stéphane Chapuisat
16%
Keine übereinstimmenden Quizze gefunden
Verteilung der Resultate
Anzahl Personen mit jedem Resultat
Perzentil nach korrekt beantworteten Fragen
Ihre Resultats-Entwicklung
Sie haben dieses Quiz noch nicht gespielt